| 000 | 00546nam a2200193Ia 4500 | ||
|---|---|---|---|
| 005 | 20250923145446.0 | ||
| 008 | 008 250917s9999 xx 000 0 eng d | ||
| 037 | _aTextual | ||
| 040 |
_aDSWL _beng _cDSWL |
||
| 041 |
_aeng _2eng |
||
| 084 |
_aYX,K-E6.73, N71 _qDSWL |
||
| 100 |
_aRains, P.M. _9835526 |
||
| 245 | 0 |
_aBecoming an Unused Mother _c by P.M.Rains |
|
| 260 |
_aIllinois. _bAldine Atherdon _c1971 |
||
| 300 | _avii,207 p. | ||
| 365 | _aINR | ||
| 942 |
_cTEXL _hYX,K-E6.73, N71 |
||
| 999 |
_c1451583 _d1451583 |
||